Countries voting against condemning Iran 2025 - Statistics

General Stats
  • This quiz has been taken 11 times
  • The average score is 27 of 30
Answer Stats
Hint Answer % Correct
Asia (Taliban would have) Afghanistan
100%
Africa Burkina Faso
100%
North America Cuba
100%
Asia Iraq
100%
Asia North Korea
100%
Asia Pakistan
100%
Europe Russia
100%
Asia Tajikistan
100%
Asia Turkmenistan
100%
Africa Algeria
91%
Europe Belarus
91%
Asia China
91%
Asia India
91%
Asia Indonesia
91%
Type Iran Iran
91%
Asia (Junta would have) Myanmar
91%
Africa Niger
91%
Africa Sudan
91%
Asia Uzbekistan
91%
Asia Vietnam
91%
Asia Brunei
82%
Africa Eritrea
82%
Africa Mali
82%
North America Nicaragua
82%
Asia Oman
82%
South America (Would have) Venezuela
82%
Asia Armenia
73%
Africa Burundi
73%
Asia Sri Lanka
73%
Africa Zimbabwe
64%
No matching quizzes found
Score Distribution
Percent of People with Each Score
Percentile by Number Answered
Your Score History
You have not taken this quiz